| 000 | 01185cam a22002417a 4500 | ||
|---|---|---|---|
| 001 | 000013235 | ||
| 005 | 20200929163155.0 | ||
| 008 | 950228s1994 mx 000 0 spa | ||
| 010 | _a95121140 | ||
| 020 | _a968638412X | ||
| 040 |
_aDO-SdBNP _cDLC _dDLC |
||
| 043 | _acl----- | ||
| 050 | 0 | 0 | _aMLCM 96/13794 (H) |
| 100 | 1 |
_aRoubik, Caroline. _930359 |
|
| 245 | 1 | 4 |
_aLos origenes de la integracion latinoamericana / _cCaroline Roubik y Marcela Schmidt. |
| 260 |
_aMexico, D.F. : _bInstituto Panamericano de Geografia e Historia, _c1994. |
||
| 300 |
_a170 p. ; _c23 cm. |
||
| 490 | 1 |
_aPub. / Instituto Panamericano de Geografia e Historia ; _v469 |
|
| 520 | 1 |
_a"Issued by one of the Specialized Organizations of the OAS; authors briefly (in 77 p. of text) assert and trace origins of Latin American political-economic union from 1810-90. Thirteen related official documents plus a useful bibliography are appended"--Handbook of Latin American Studies, v. 57. _uhttp://www.loc.gov/hlas/ |
|
| 651 | 0 |
_aLatin America _xEconomic Integration. _930386 |
|
| 830 | 0 |
_aPublicacion (Pan American Institute of Geography and History) ; _vno. 469. _930387 |
|
| 910 | _aCatalogación por copia / LC | ||
| 999 |
_c12867 _d12867 |
||